| 000 | 00879 a2200205 4500 | ||
|---|---|---|---|
| 020 | _a0387231773 | ||
| 040 |
_aDLC _bDLC |
||
| 245 | 1 | 0 |
_aOptical networks and technologies _cIFIP TC6/WG6.10 First Optical Networks & Technologies Conference (OpNeTec), October 18-20, 2004, Pisa, Italy ; edited by Ken-Ichi Kitayama, Francesco Masetti-Placci, Giancarlo Prati. |
| 260 |
_aNew York : _bSpringer, _c2005. |
||
| 300 |
_axvi, 610 p. : _bill. ; _c24 cm. |
||
| 490 | 1 |
_aInternational federation for Information Processing ; _v164. |
|
| 650 | 0 | _aOptical communications | |
| 650 | 0 | _aComputer networks | |
| 700 | 1 | _aKitayama, Ken-Ichi. | |
| 700 | 1 | _aMasetti-Placci, Francesco. | |
| 700 | 1 | _aPrati, Giancarlo. | |
| 710 | 2 | _aInternational Federation for Information Processing. | |
| 830 | 0 | _aInternational Federation for Information Processing (Series) ; | |
| 942 |
_cBK _k621.3827 KIT _2ddc |
||
| 999 |
_c8312 _d8312 |
||